Normal view MARC view
  • SINGH, DR. KESHAV AND NATH, DR. GORAKH & SHUKLA, DR. RABISH CHANDRA AND BHARTIYA, DR. DEEPAK KUMAR

Entry Personal Name

Number of records used in: 1

001 - CONTROL NUMBER

  • control field: 8881

003 - CONTROL NUMBER IDENTIFIER

  • control field: JRU

005 - DATE AND TIME OF LATEST TRANSACTION

  • control field: 20260309120212.0

008 - FIXED-LENGTH DATA ELEMENTS

  • fixed length control field: 260309|| aca||aabn | a|a d

040 ## - CATALOGING SOURCE

  • Original cataloging agency: JRU
  • Transcribing agency: JRU

100 ## - HEADING--PERSONAL NAME

  • Personal name: SINGH, DR. KESHAV AND NATH, DR. GORAKH & SHUKLA, DR. RABISH CHANDRA AND BHARTIYA, DR. DEEPAK KUMAR

670 ## - SOURCE DATA FOUND

  • Source citation: Work cat.: (JRU)9056: SINGH, DR. KESHAV AND NATH, DR. GORAKH & SHUKLA, DR. RABISH CHANDRA AND BHARTIYA, DR. DEEPAK KUMAR , A TEXTBOOK OF VERMICOMPOST VERMIWASH AND BIOPESTICIDES , 2025